000 00306nam a22001337a 4500
008 170529b xxu||||| |||| 00| 0 eng d
020 _a9780312666941
041 _aeng
080 _29TH
_a94(100)
100 _a16
101 _aSHH
245 _aA HISTORY OF WORLD SOCIETIES
_cMCKAY,J.P
942 _2udc
_cBK
999 _c14924
_d14924